000 00731nam a22002297a 4500
003 URS
005 20251023093642.0
008 251022b |||||||| |||| 00| 0 eng d
020 _a978-621-409-280-2
040 _erda
_cURS
_bTagalog
050 _aPL6054
_b.Sa38 2024
100 _aSalvador, Nelie Sagun,
_eauthor.
_96571
245 _aStructure of Filipino /
_cNelie Sagun Salvador.
264 4 _cQuezon City :
_aBook Atbp. Publishing Corp.,
_b©2024.
300 _avii, 117 pages ;
_c25 cm.
336 _atext
_btxt
_2rdacontent
337 _aunmediated
_bn
_2rdamedia
338 _avolume
_bnc
_2rdacarrier
504 _aIncludes appendices and bibliographical references.
650 0 _aFilipino language.
_9767
942 _2lcc
_cF
999 _c87428
_d87425